Movies Quiz

Random Movies or Actress Quiz

Name my favorite k-actor actress Quiz Stats

 Plays Quiz not verified by Sporcle

Challenge
Share
Tweet
Score 0/22 Timer 11:00
0 Plays Today
% Correct
Lee min ho
100%
Nam joo hyuk
88.9%
Lee sung kyung
88.9%
Lee jong suk
77.8%
Jisoo
66.7%
Seo kang joon
55.6%
Lee soo hyuk
55.6%
Kim go eun
55.6%
Jun ji hyun
55.6%
Ahn jae hyun
44.4%
Jung hae in
44.4%
% Correct
Jisung
44.4%
Song jae rim
44.4%
Ku hye sun
44.4%
Park hae jin
33.3%
Lee won geun
33.3%
Soo ae
33.3%
Kim seulgi
33.3%
Kim young kwang
22.2%
Lee hyun woo
11.1%
Jin se yeon
11.1%
Kang sora
11.1%

You're not logged in!

Compare scores with friends on all Sporcle quizzes.
OR
Log In

You Might Also Like...

Show Comments

Extras

Created Jul 12, 2017ReportNominate
Tags:Actress Quiz, favorite

Top Quizzes Today


Score Distribution

Your Account Isn't Verified!

In order to create a playlist on Sporcle, you need to verify the email address you used during registration. Go to your Sporcle Settings to finish the process.

Report this User

Report this user for behavior that violates our Community Guidelines.

Details: